علاقات الفاطميين في مصر بدول المغرب، 362-567 هـ / 973-1171 م / (Record no. 25067)

MARC details
000 -الفاتح
حقل البيانات ثابتة الطول 01522nam a2200337 i 4500
003 - محدد رقم الضبط
رقم الضبط EG-ScBUE
005 - وقت وتاريخ اخر تعامل مع التسجيلة
رقم الضبط 20231220101830.0
008 - عناصر البيانات ثابتة الطول - معلومات عامة
حقل البيانات ثابتة الطول 170725q1996 ua b f b 000 0 ara d
040 ## - مصدر الفهرسة
وكالة الفهرسة الأصلية EG-ScBUE
لغة الفهرسة ara
قواعد الوصف rda
وكالة التعديل EG-ScBUE
وكالة النسخ EG-ScBUE
043 ## - رمز المنطقة الجغرافية
رمز المنطقة الجغرافية f-ua---
-- ff-----
082 04 - رقم تصنيف ديوى العشرى
رقم التصنيف 962.02
رقم المادة أ ح م
رقم الطبعة 22
100 1# - المدخل الرئيسى - إسم شخصى
الإسم الشخصى ‫أحمد، حسن خضيري‬،
الدور مؤلف.
245 10 - بيان العنوان
العنوان علاقات الفاطميين في مصر بدول المغرب، 362-567 هـ / 973-1171 م /
بيان المسئوليه,etc تأليف الدكتور حسن خضيري أحمد، كلية الآداب، جامعة جنوب الوادي.
250 ## - بيان الطبعة
بيان الطبعة الطبعة الأولى.
264 #1 - النشر، التوزيع
مكان الناشر او الموزع القاهرة :
اسم الناشر او الموزع مكتبة مدبولي،
تاريخ النشر أو التوزيع [1996]
300 ## - الوصف المادى
التعداد 344 صفحة :
تفاصيل ماديه اخرى للوعاء خرائط ؛
أبعاد الوعاء 24 سم.
336 ## - نوع المحتوى
source rdacontent
Carrier Type Term نص
Content Type Code txt
337 ## - نوع الوسيط
Media Type Term بدون وسيط
source rdamedia
Media Type Code n
338 ## - نوع الحامل أو الناقل
Carrier Type Term مجلد
Carrier Type Code nc
source rdacarrier
490 0# - بيان السلسلة
عنوان السلسلة صفحات من تاريخ مصر؛
رقم المجلد/ التعيين التسلسلي 36
504 ## - تبصرة ببليوجرافية
تبصرة ببليوجرافية,الخ يشتمل علي إرجاعات ببليوجرافية.
590 ## - تبصرة محلية(RLIN)
تبصرة محلية سامح
650 #7 - المدخل الاضافى بالموضوع-مصطلح موضوعى
مصطلح موضوعي أو اسم جغرافي كعنصر مدخل الفاطميون
التقسيم الفرعي العام تاريخ.
مصدر الرأس أو المصطلح BUEsh
651 #7 - المدخل الاضافى بالموضوع - اسم جغرافى
الاسم الجغرافي مصر
التقسيم الفرعي العام تاريخ
التقسيم الفرعي الزمني العصر الفاطمي، 969-1171.
مصدر الرأس أو المصطلح BUEsh
9 (RLIN) 21649
651 #7 - المدخل الاضافى بالموضوع - اسم جغرافى
الاسم الجغرافي المغرب العربي
التقسيم الفرعي العام تاريخ
التقسيم الفرعي الزمني العصر الفاطمي، 969-1171.
مصدر الرأس أو المصطلح BUEsh
651 #7 - المدخل الاضافى بالموضوع - اسم جغرافى
الاسم الجغرافي مصر
التقسيم الفرعي العام علاقات خارجية
التقسيم الفرعي الجغرافي المغرب العربي.
مصدر الرأس أو المصطلح BUEsh
651 #7 - المدخل الاضافى بالموضوع - اسم جغرافى
الاسم الجغرافي المغرب العربي
التقسيم الفرعي العام علاقات خارجية
التقسيم الفرعي الجغرافي مصر.
مصدر الرأس أو المصطلح BUEsh
653 ## - مصطلح تكشيفى غير مقيد
Resource For college Generalities
-- BAEPS, Political Science
Arrived date list July2017
655 ## - مصطلح تكشيفى-نوع/شكل
التقسيم الفرعي الشكلي Reading book
942 ## - عناصر المدخل الإضافي( كوها)
مصدر التصنيف او مخطط الترفيف Dewey Decimal Classification
Holdings
حالة التراجع حالة الفقد مصدر التصنيف او خطة الترفيف حالة تلف ليس للاعارة مجموعات كوها المكان الدائم المكان الحالي موقع الترفيف تاريخ الاكتساب Source of acquisition تعداد مسلسل / التسلسل الزمني رقم الاستدعاء الباركود Date last seen نوع الوعاء
    Dewey Decimal Classification     Madboly Central Library Central Library Second Floor 25/07/2017 Purchase 04183 962.02 أ ح م 000034298 15/07/2025 Book - Borrowing